Mixed Word: Growing P Words Quiz Stats

 Plays Quiz Updated Apr 30, 2012

Support Sporcle.
Go Orange.
Score 0/14 Timer 03:00
0 Plays Today
Scramble Word % Correct
APPA
99.8%
TPEPET
99.6%
HUPSPUSH
98.2%
OWREPPOWER
96.7%
CHIPSCYPSYCHIC
57.6%
SAMPLAPLASMA
56.8%
HOOTPPHRAGPHOTOGRAPH
43.3%
Scramble Word % Correct
SUOISPOONPOISONOUS
35.9%
SPURSREEPRESSURE
32.7%
LISPSOIBIYTPOSSIBILITY
32.1%
RECEPTPINSEVESPERCEPTIVENESS
30.1%
OFPEONSRSIALPROFESSIONAL
27.3%
GRAPRAAMELLLOPARALLELOGRAM
22%
TRAPPICIALIONTAPARTICIPATIONAL
6.5%

From the Vault

Alternative Deity Definitions

by strokes_static

Language 2.5m
Here are some different ways to define the divine.
Remove Ads.
Support Sporcle.
Get the best of Sporcle when you Go Orange. This ad-free experience offers more features, more stats, and more fun while also helping to support Sporcle. Thank you for becoming a member.

Show Comments

Extras

Top Quizzes Today


Score Distribution

Your Account Isn't Verified!

In order to create a playlist on Sporcle, you need to verify the email address you used during registration. Go to your Sporcle Settings to finish the process.

Report this User

Report this user for behavior that violates our Community Guidelines.

Details: